[Event "2nd Novi Sad it"]
[Site "Novi Sad"]
[Date "1973.10.24"]
[EventDate "1973.10.20"]
[Round "5.5"]
[White "Adorjan, Andras"]
[Black "Jovic, Ljubomir"]
[Result "1-0"]
[WhiteElo "2515"]
[BlackElo "2410"]
[PlyCount "71"]
[Source "Perpetual Check"]

1. e4 c5 2. Nf3 Nc6 3. d4 cxd4 4. Nxd4 g6 5. c4 Bg7 6. Be3 Nf6 7. Nc3 Ng4 8.
Qxg4 Nxd4 9. Qd1 Nc6 10. Qd2 d6 11. Be2 Be6 12. f4 Qa5 13. Rc1 O-O 14. O-O Rfc8
15. Kh1 f6 16. a3 Bf7 17. b4 Qd8 18. Nd5 e6 19. Nc3 Bf8 20. Rfd1 f5 21. Nb5 a5
22. Nxd6 Bxd6 23. Qxd6 Qxd6 24. Rxd6 axb4 25. axb4 Nxb4 26. e5 Ra3 27. Bd2 Na6
28. c5 Rxc5 29. Rb1 Rd5 30. Bc4 Rxd6 31. exd6 Nb8 32. h3 Nc6 33. Rxb7 Ra1+ 34.
Kh2 Rd1 35. Rb2 e5 36. Be2 1-0

[Event "2nd Novi Sad it"]
[Site "Novi Sad"]
[Date "1973.10.24"]
[EventDate "1973.10.20"]
[Round "5.6"]
[White "Matulovic, Milan"]
[Black "Janosevic, Dragoljub"]
[Result "1-0"]
[WhiteElo "2525"]
[BlackElo "2415"]
[PlyCount "53"]
[Source "Perpetual Check"]

1. e4 c5 2. Nf3 Nc6 3. d4 cxd4 4. Nxd4 Qc7 5. Nc3 e6 6. Be2 a6 7. O-O Nf6 8.
Be3 d6 9. f4 Bd7 10. Qe1 b5 11. a3 Be7 12. Qg3 O-O 13. e5 dxe5 14. fxe5 Nxe5
15. Bf4 Bd6 16. Rad1 Ne8 17. Ne4 Nf3+ 18. Rxf3 Bxf4 19. Rxf4 e5 20. Rf2 f5 21.
Qb3+ Kh8 22. Ne6 Bxe6 23. Qxe6 Qa7 24. Rd7 Qe3 25. Qe7 Rg8 26. Ng5 h6 27. Nf7+
1-0

[Event "2nd Novi Sad it"]
[Site "Novi Sad"]
[Date "1973.10.24"]
[EventDate "1973.10.20"]
[Round "5.8"]
[White "Szilagyi, Gyorgy"]
[Black "Langeweg, Christian"]
[Result "1/2-1/2"]
[WhiteElo "2350"]
[BlackElo "2430"]
[PlyCount "56"]
[Source "Perpetual Check"]

1. c4 Nf6 2. Nc3 e6 3. Nf3 d5 4. d4 Bb4 5. Bg5 h6 6. Bxf6 Qxf6 7. cxd5 exd5 8.
Qb3 c5 9. e3 O-O 10. dxc5 Bxc3+ 11. Qxc3 Qxc3+ 12. bxc3 Nd7 13. c4 dxc4 14.
Bxc4 Nxc5 15. O-O Be6 16. Rfc1 Rfc8 17. Bxe6 Nxe6 18. Kf1 Kf8 19. Ke2 Ke7 20.
g4 Rxc1 21. Rxc1 Rd8 22. Rb1 b6 23. Rb4 Rc8 24. Kd2 Rc5 25. Ra4 Rc7 26. Nd4
Nxd4 27. Rxd4 Rd7 28. Kc3 Rc7+ 1/2-1/2

[Event "2nd Novi Sad it"]
[Site "Novi Sad"]
[Date "1973.10.26"]
[EventDate "1973.10.20"]
[Round "6.1"]
[White "Lombard, Andre"]
[Black "Langeweg, Christian"]
[Result "0-1"]
[WhiteElo "2400"]
[BlackElo "2430"]
[PlyCount "53"]
[Source "Perpetual Check"]

1. Nf3 Nf6 2. c4 e6 3. g3 d5 4. Bg2 dxc4 5. Qa4+ Nbd7 6. Qxc4 c5 7. O-O a6 8.
Qc2 b6 9. d4 Bb7 10. Nc3 Rc8 11. dxc5 Bxc5 12. Qb3 b5 13. Bg5 O-O 14. Rac1 Qb6
15. Bxf6 Nxf6 16. e3 Ng4 17. Rce1 Qa7 18. Nh4 Be7 19. Bxb7 Qxb7 20. Ng2 Ne5 21.
Re2 Nf3+ 22. Kh1 Rfd8 23. Nb1 Qc6 24. h3 b4 25. a4 g5 26. Qa2 Qe4 27. b3 0-1

[Event "2nd Novi Sad it"]
[Site "Novi Sad"]
[Date "1973.10.26"]
[EventDate "1973.10.20"]
[Round "6.4"]
[White "Jovic, Ljubomir"]
[Black "Matulovic, Milan"]
[Result "0-1"]
[WhiteElo "2410"]
[BlackElo "2525"]
[PlyCount "90"]
[Source "Perpetual Check"]

1. e4 c5 2. Nc3 Nc6 3. g3 g6 4. Bg2 Bg7 5. d3 d6 6. f4 e6 7. Nf3 Nge7 8. O-O
O-O 9. g4 f5 10. exf5 exf5 11. g5 Be6 12. Ne2 b5 13. h4 Rb8 14. Ng3 b4 15. h5
Qd7 16. Nh4 Rfe8 17. Bf3 Bf7 18. Qd2 a5 19. a3 d5 20. axb4 axb4 21. Qh2 Ra8 22.
Rxa8 Rxa8 23. hxg6 hxg6 24. Be3 Qd6 25. b3 Ra2 26. Bd1 c4 27. Qh3 d4 28. Bc1
cxb3 29. cxb3 Qc5 30. Bf3 Rc2 31. Ne2 Na5 32. Re1 Nxb3 33. Qf1 Nxc1 34. Nxc1 b3
35. Nxb3 Bxb3 36. Bd1 Rc3 37. Bxb3+ Rxb3 38. Qe2 Rb7 39. Qe6+ Kh7 40. Qa6 Ra7
41. Qe6 Qd5 42. Qe2 Qd6 43. Qh2 Kg8 44. Rc1 Nd5 45. Rc8+ Kf7 0-1

[Event "2nd Novi Sad it"]
[Site "Novi Sad"]
[Date "1973.10.26"]
[EventDate "1973.10.20"]
[Round "6.5"]
[White "Marjan, Dusan"]
[Black "Adorjan, Andras"]
[Result "1/2-1/2"]
[WhiteElo "2215"]
[BlackElo "2515"]
[PlyCount "80"]
[Source "Perpetual Check"]

1. e4 g6 2. d4 Bg7 3. Nc3 d6 4. Be3 c6 5. Nf3 b5 6. a3 a6 7. Qd2 Nd7 8. Be2 Bb7
9. O-O Qc7 10. Rac1 Ngf6 11. Bh6 O-O 12. Rfe1 Rad8 13. Qg5 e5 14. Bd3 Rfe8 15.
Bxg7 Kxg7 16. dxe5 dxe5 17. Nh4 Ng8 18. Re3 Nf8 19. Nf5+ Kh8 20. Nh6 Qe7 21.
Qxe7 Rxe7 22. Nxg8 Kxg8 23. b4 Ne6 24. f3 Red7 25. g3 c5 26. bxc5 Nxc5 27. Bf1
Ne6 28. Rd3 f5 29. exf5 gxf5 30. Re1 Nd4 31. Kf2 e4 32. fxe4 fxe4 33. Nxe4 Rf8+
34. Kg1 Bc6 35. Bg2 Nxc2 36. Rxd7 Nxe1 37. Rc7 Nxg2 38. Rxc6 Ne3 39. Nf6+ Kg7
40. Nh5+ Kh8 1/2-1/2

[Event "2nd Novi Sad it"]
[Site "Novi Sad"]
[Date "1973.10.26"]
[EventDate "1973.10.20"]
[Round "6.6"]
[White "Lein, Anatoly"]
[Black "Rakic, Tomislav"]
[Result "1-0"]
[WhiteElo "2545"]
[BlackElo "2415"]
[PlyCount "72"]
[Source "Perpetual Check"]

1. c4 f5 2. Nf3 Nf6 3. Nc3 c5 4. e3 g6 5. d4 Bg7 6. Be2 O-O 7. O-O Ne4 8. Nxe4
fxe4 9. Nd2 cxd4 10. exd4 Bxd4 11. Nxe4 Bg7 12. c5 Nc6 13. Be3 Kh8 14. Qb3 Qc7
15. Rad1 Qe5 16. Nc3 b6 17. cxb6 axb6 18. Bb5 Qf5 19. Nd5 Ba6 20. a4 Qf7 21.
Qc2 Ne5 22. Nxb6 Bxb5 23. axb5 Ra5 24. Nxd7 Nxd7 25. Rxd7 Rxb5 26. Qe4 Bxb2 27.
Rxe7 Qf5 28. Bd4+ Bxd4 29. Qxd4+ Qf6 30. Rxh7+ Kxh7 31. Qd7+ Rf7 32. Qxb5 Qd4
33. Qe2 Ra7 34. Qd1 Qf4 35. g3 Qf6 36. h4 Qc6 1-0

[Event "2nd Novi Sad it"]
[Site "Novi Sad"]
[Date "1973.10.26"]
[EventDate "1973.10.20"]
[Round "6.7"]
[White "Ciocaltea, Victor"]
[Black "Buljovcic, Ivan"]
[Result "0-1"]
[WhiteElo "2455"]
[BlackElo "2435"]
[PlyCount "54"]
[Source "Perpetual Check"]

1. e4 c5 2. Nf3 d6 3. d4 Nf6 4. Nc3 cxd4 5. Nxd4 a6 6. Bc4 e6 7. O-O b5 8. Bb3
Be7 9. f4 O-O 10. e5 dxe5 11. fxe5 Nfd7 12. Qh5 Nc6 13. Nxc6 Qb6+ 14. Be3 Qxc6
15. Rae1 Bc5 16. Rf3 Bb7 17. Kh1 Bxe3 18. Rexe3 Nc5 19. Nd5 exd5 20. Rf6 Qc8
21. c3 Ne4 22. Bc2 g6 23. Qh4 Qe8 24. Bxe4 dxe4 25. Rh3 h5 26. Qf4 Rd8 27. Kg1
Qd7 {time} 0-1

[Event "2nd Novi Sad it"]
[Site "Novi Sad"]
[Date "1973.10.26"]
[EventDate "1973.10.20"]
[Round "6.8"]
[White "Maric, Rudolf"]
[Black "Ilijic, Milan"]
[Result "1/2-1/2"]
[WhiteElo "2460"]
[BlackElo "2385"]
[PlyCount "30"]
[Source "Perpetual Check"]

1. e4 d6 2. d4 Nf6 3. Nc3 g6 4. Bg5 Bg7 5. Qd2 h6 6. Bf4 g5 7. Bg3 Nh5 8. O-O-O
Nc6 9. Bb5 Bd7 10. Nge2 a6 11. Bxc6 Bxc6 12. f3 b5 13. d5 Bd7 14. Bf2 c5 15.
dxc6 Bxc6 1/2-1/2

[Event "2nd Novi Sad it"]
[Site "Novi Sad"]
[Date "1973.10.27"]
[EventDate "1973.10.20"]
[Round "7.1"]
[White "Ilijic, Milan"]
[Black "Lombard, Andre"]
[Result "1/2-1/2"]
[WhiteElo "2385"]
[BlackElo "2400"]
[PlyCount "82"]
[Source "Perpetual Check"]

1. g3 c5 2. Bg2 g6 3. e4 Bg7 4. c3 Nc6 5. Ne2 e5 6. O-O Nge7 7. f4 d6 8. d3 O-O
9. Be3 Kh8 10. Nd2 f5 11. Nf3 fxe4 12. dxe4 Be6 13. fxe5 Nxe5 14. Nxe5 Bxe5 15.
Nf4 Bc4 16. Rf2 g5 17. Nh3 Rxf2 18. Nxf2 Ng8 19. Qh5 h6 20. Ng4 Be2 21. Re1
Bxg4 22. Qxg4 Qe7 23. Rf1 Rf8 24. Rxf8 Qxf8 25. Qe6 Qe7 26. Qf5 Kg7 27. Bf1 Qf8
28. Qd7+ Qe7 29. Qc8 Nf6 30. Bc4 Qd7 31. Qxd7+ Nxd7 32. Bd5 b6 33. Kf1 Bf6 34.
Ke2 Ne5 35. Be6 Bd8 36. Kd1 Kf6 37. Bc8 Nc4 38. Bc1 Ne5 39. Ke2 Be7 40. b3 Kf7
41. Be3 Bf6 1/2-1/2

[Event "2nd Novi Sad it"]
[Site "Novi Sad"]
[Date "1973.10.27"]
[EventDate "1973.10.20"]
[Round "7.2"]
[White "Buljovcic, Ivan"]
[Black "Maric, Rudolf"]
[Result "0-1"]
[WhiteElo "2435"]
[BlackElo "2460"]
[PlyCount "80"]
[Source "Perpetual Check"]

1. e4 e5 2. Nf3 Nc6 3. Bb5 f5 4. Nc3 fxe4 5. Nxe4 d5 6. Nxe5 dxe4 7. Nxc6 Qg5
8. Qe2 Nf6 9. f4 Qxf4 10. d4 Qd6 11. Ne5+ c6 12. Bc4 Be6 13. Bf4 Bxc4 14. Qxc4
Qd5 15. Qb3 Bd6 16. O-O Qxb3 17. axb3 c5 18. Nc4 Be7 19. Nb6 Rd8 20. Rxa7 cxd4
21. Rxb7 d3 22. Rc7 dxc2 23. Rxc2 O-O 24. h3 Rd3 25. Re1 Bb4 26. Ra1 e3 27. Nc4
Nd5 28. Be5 Bd2 29. Nxd2 exd2 30. Rd1 Re8 31. Rcxd2 Rxd2 32. Rxd2 Rxe5 33. Kf2
Kf7 34. Rd4 Nf6 35. Ra4 Rb5 36. Ra3 Nd5 37. Kf3 Rb4 38. Ke2 Nf4+ 39. Kf1 Nd3
40. Ke2 Rxb3 0-1

[Event "2nd Novi Sad it"]
[Site "Novi Sad"]
[Date "1973.10.27"]
[EventDate "1973.10.20"]
[Round "7.3"]
[White "Rakic, Tomislav"]
[Black "Ciocaltea, Victor"]
[Result "0-1"]
[WhiteElo "2415"]
[BlackElo "2455"]
[PlyCount "64"]
[Source "Perpetual Check"]

1. e4 Nf6 2. d3 d5 3. Nd2 Nc6 4. g3 e5 5. Bg2 dxe4 6. dxe4 Bc5 7. Ngf3 O-O 8.
O-O a5 9. c3 b6 10. Nb3 Bd6 11. Bg5 h6 12. Bxf6 Qxf6 13. a4 Ba6 14. Re1 Nd8 15.
Bf1 Bb7 16. Nh4 g6 17. Bc4 Ne6 18. Qf3 Qe7 19. Qg4 h5 20. Qe2 Kg7 21. Nf3 Rad8
22. Bd5 Bc8 23. Nbd2 Ng5 24. Nxg5 Qxg5 25. h4 Qe7 26. Bb3 Bc5 27. Nc4 Bg4 28.
Qf1 g5 29. hxg5 Qxg5 30. Kg2 h4 31. f4 Bh3+ 32. Kh1 Qxg3 0-1

[Event "2nd Novi Sad it"]
[Site "Novi Sad"]
[Date "1973.10.27"]
[EventDate "1973.10.20"]
[Round "7.4"]
[White "Adorjan, Andras"]
[Black "Lein, Anatoly"]
[Result "1/2-1/2"]
[WhiteElo "2515"]
[BlackElo "2545"]
[PlyCount "33"]
[Source "Perpetual Check"]

1. e4 e5 2. Nf3 Nc6 3. Bb5 a6 4. Bxc6 dxc6 5. O-O f6 6. d4 Bg4 7. dxe5 Qxd1 8.
Rxd1 fxe5 9. Rd3 Bxf3 10. gxf3 Rd8 11. Nd2 Rxd3 12. cxd3 Bd6 13. Nc4 Kf7 14.
Kf1 Ne7 15. f4 exf4 16. Nxd6+ cxd6 17. Bxf4 1/2-1/2

[Event "2nd Novi Sad it"]
[Site "Novi Sad"]
[Date "1973.10.27"]
[EventDate "1973.10.20"]
[Round "7.5"]
[White "Matulovic, Milan"]
[Black "Marjan, Dusan"]
[Result "1-0"]
[WhiteElo "2525"]
[BlackElo "2215"]
[PlyCount "82"]
[Source "Perpetual Check"]

1. e4 e5 2. Nf3 Nc6 3. Bb5 a6 4. Ba4 d6 5. O-O Bd7 6. d4 Nf6 7. c3 Be7 8. Re1
b5 9. Bb3 O-O 10. h3 h6 11. Nbd2 Re8 12. Nf1 Bf8 13. Ng3 Na5 14. Bc2 c5 15. d5
g6 16. b3 Bg7 17. Be3 Kh7 18. Qd2 Ng8 19. Nh2 Nb7 20. Rf1 Rf8 21. Rae1 Qh4 22.
Ne2 Rae8 23. f4 f5 24. Nf3 Qd8 25. Ng3 Ne7 26. fxe5 dxe5 27. exf5 Nxf5 28. Bf2
Nfd6 29. Ne4 Rxf3 30. gxf3 Bxh3 31. Nxc5 Nxc5 32. Bxc5 Bxf1 33. Kxf1 Rf8 34.
Qg2 Qf6 35. Be4 Rc8 36. Bxd6 Qxd6 37. Rc1 Qf6 38. Ke2 Kg8 39. Qxg6 Qxg6 40.
Bxg6 Kf8 41. c4 Ke7 1-0

[Event "2nd Novi Sad it"]
[Site "Novi Sad"]
[Date "1973.10.27"]
[EventDate "1973.10.20"]
[Round "7.7"]
[White "Szilagyi, Gyorgy"]
[Black "Janosevic, Dragoljub"]
[Result "0-1"]
[WhiteElo "2350"]
[BlackElo "2415"]
[PlyCount "82"]
[Source "Perpetual Check"]

1. c4 Nf6 2. Nf3 g6 3. g3 Bg7 4. Bg2 O-O 5. O-O d6 6. Nc3 Nc6 7. Rb1 e5 8. b4
Re8 9. d3 h6 10. b5 Nd4 11. Ne1 Nd7 12. e3 Ne6 13. Nc2 Nb6 14. Bb2 a6 15. a4
axb5 16. axb5 Nc5 17. Nb4 Bf5 18. Ra1 Qd7 19. e4 Be6 20. Nbd5 Bxd5 21. Nxd5
Nxd5 22. exd5 Rxa1 23. Bxa1 Qf5 24. d4 exd4 25. Bxd4 Bxd4 26. Qxd4 Qd3 27. Qf4
Kg7 28. b6 g5 29. Qc1 cxb6 30. Qb2+ Kg8 31. Qxb6 Qg6 32. Qb2 Qg7 33. Qd2 Ra8
34. Qe2 Qf6 35. Bf3 Kg7 36. Kg2 Ra1 37. Rxa1 Qxa1 38. Bg4 Qd4 39. Bf5 b6 40. g4
Qe5 41. Qc2 Nb7 0-1

[Event "2nd Novi Sad it"]
[Site "Novi Sad"]
[Date "1973.10.27"]
[EventDate "1973.10.20"]
[Round "7.8"]
[White "Langeweg, Christian"]
[Black "Deze, Anton"]
[Result "1-0"]
[WhiteElo "2430"]
[BlackElo "2370"]
[PlyCount "63"]
[Source "Perpetual Check"]

1. Nf3 c5 2. c4 g6 3. d4 cxd4 4. Nxd4 Nc6 5. e4 Nf6 6. Nc3 d6 7. f3 Nxd4 8.
Qxd4 Bg7 9. Be3 O-O 10. Qd2 Qa5 11. a3 Be6 12. b4 Qd8 13. Rc1 a5 14. Be2 axb4
15. axb4 Qb8 16. O-O Rc8 17. Nb5 Bd7 18. c5 dxc5 19. Rxc5 Rxc5 20. Bxc5 Qe5 21.
Bd4 Qe6 22. Rc1 Ra2 23. Qd1 Nd5 24. Bc4 Rxg2+ 25. Kxg2 Bxd4 26. Qxd4 Qh3+ 27.
Kg1 Nf4 28. Bf1 Qxf3 29. Rc3 Qg4+ 30. Rg3 Qe6 31. Nc7 Qc6 32. Nd5 1-0

[Event "2nd Novi Sad it"]
[Site "Novi Sad"]
[Date "1973.10.28"]
[EventDate "1973.10.20"]
[Round "8.1"]
[White "Lombard, Andre"]
[Black "Deze, Anton"]
[Result "0-1"]
[WhiteElo "2400"]
[BlackElo "2370"]
[PlyCount "78"]
[Source "Perpetual Check"]

1. Nf3 c5 2. c4 g6 3. d4 cxd4 4. Nxd4 Nc6 5. e4 Nf6 6. Nc3 d6 7. Be2 Nxd4 8.
Qxd4 Bg7 9. O-O O-O 10. Qe3 Be6 11. Bd2 Nd7 12. Rac1 a6 13. b3 Nc5 14. f4 Bd7
15. f5 Bc6 16. Nd5 Be5 17. Bc3 Bxd5 18. Bxe5 Bc6 19. Bb2 Nxe4 20. Bd3 Nf6 21.
Qh6 e5 22. fxe6 fxe6 23. Bxg6 e5 24. c5 hxg6 25. Qxg6+ Kh8 26. cxd6 Qxd6 27.
Rc4 Be4 28. Qg5 Rae8 29. Qh6+ Bh7 30. Rh4 Rf7 31. h3 Rg8 32. Rf2 Qd1+ 33. Kh2
Qd6 34. Rh5 Ng4+ 35. hxg4 Qxh6 36. Rxh6 Rxf2 37. Bxe5+ Rg7 38. Rd6 Kg8 39. Rd8+
Rf8 0-1

[Event "2nd Novi Sad it"]
[Site "Novi Sad"]
[Date "1973.10.28"]
[EventDate "1973.10.20"]
[Round "8.2"]
[White "Janosevic, Dragoljub"]
[Black "Langeweg, Christian"]
[Result "1-0"]
[WhiteElo "2415"]
[BlackElo "2430"]
[PlyCount "89"]
[Source "Perpetual Check"]

1. e4 c5 2. Nf3 Nc6 3. d4 cxd4 4. Nxd4 d6 5. Nc3 a6 6. Bf4 e6 7. Bg3 Nf6 8.
Nxc6 bxc6 9. e5 Nd5 10. exd6 Bxd6 11. Ne4 Be7 12. c4 Qa5+ 13. Nd2 Nf6 14. Bd3
Ra7 15. O-O Rd7 16. Nb3 Qd8 17. Nc1 O-O 18. Qc2 c5 19. Rd1 Bb7 20. Ne2 Bc6 21.
Nc3 Qa8 22. f3 Rfd8 23. Bf1 Bd6 24. Bxd6 Rxd6 25. Rxd6 Rxd6 26. Qf2 Rd4 27. b4
e5 28. b5 Bb7 29. bxa6 Bxa6 30. a4 Bxc4 31. a5 Ba6 32. Qe1 Bxf1 33. Qxf1 Qc6
34. a6 c4 35. a7 Rd8 36. Qb1 Nd7 37. Qb5 Qb6+ 38. Kf1 Qxb5 39. Nxb5 Nb6 40. Nc7
c3 41. Rc1 Kf8 42. Rxc3 Rd1+ 43. Ke2 Ra1 44. Nb5 Ra5 45. Rc6 1-0

[Event "2nd Novi Sad it"]
[Site "Novi Sad"]
[Date "1973.10.28"]
[EventDate "1973.10.20"]
[Round "8.3"]
[White "Jovic, Ljubomir"]
[Black "Szilagyi, Gyorgy"]
[Result "1-0"]
[WhiteElo "2410"]
[BlackElo "2350"]
[PlyCount "63"]
[Source "Perpetual Check"]

1. e4 c5 2. Nc3 Nc6 3. g3 g6 4. Bg2 Bg7 5. f4 d6 6. d3 Nf6 7. Nf3 O-O 8. O-O
Rb8 9. h3 b5 10. g4 b4 11. Ne2 a5 12. f5 a4 13. Qe1 Nd7 14. Qh4 Nde5 15. Nh2
Nd4 16. Nxd4 cxd4 17. g5 f6 18. Ng4 Bd7 19. gxf6 exf6 20. b3 a3 21. Bd2 g5 22.
Qe1 Qb6 23. Rc1 Kf7 24. Qe2 Rh8 25. Bf3 Nxf3+ 26. Rxf3 h5 27. Nh2 Bf8 28. Rg3
Re8 29. Nf3 Be7 30. Qf2 Bd8 31. Nxd4 d5 32. exd5 1-0

[Event "2nd Novi Sad it"]
[Site "Novi Sad"]
[Date "1973.10.28"]
[EventDate "1973.10.20"]
[Round "8.5"]
[White "Lein, Anatoly"]
[Black "Matulovic, Milan"]
[Result "1/2-1/2"]
[WhiteElo "2545"]
[BlackElo "2525"]
[PlyCount "84"]
[Source "Perpetual Check"]

1. e4 c5 2. Nf3 e6 3. d4 cxd4 4. Nxd4 Nc6 5. Nc3 Qc7 6. Be2 a6 7. O-O Nf6 8.
Be3 Bb4 9. Na4 O-O 10. Nxc6 bxc6 11. f4 Be7 12. Bd3 d6 13. Nb6 Rb8 14. Nxc8
Qxc8 15. b3 d5 16. e5 Nd7 17. Qh5 g6 18. Qh6 Bc5 19. Rae1 f5 20. exf6 Rxf6 21.
Bxc5 Nxc5 22. f5 Nxd3 23. cxd3 Qf8 24. Qxf8+ Rbxf8 25. fxe6 Rxf1+ 26. Rxf1
Rxf1+ 27. Kxf1 Kf8 28. Ke2 Ke7 29. Ke3 Kxe6 30. d4 Kf5 31. Kf3 h5 32. g3 g5 33.
h3 g4+ 34. hxg4+ hxg4+ 35. Ke3 Kg5 36. Kd3 Kf5 37. a3 Kg5 38. a4 Kf5 39. a5 Ke6
40. Ke3 Kf5 41. Kd3 Ke6 42. Ke3 Kf5 1/2-1/2

[Event "2nd Novi Sad it"]
[Site "Novi Sad"]
[Date "1973.10.28"]
[EventDate "1973.10.20"]
[Round "8.6"]
[White "Ciocaltea, Victor"]
[Black "Adorjan, Andras"]
[Result "1/2-1/2"]
[WhiteElo "2455"]
[BlackElo "2515"]
[PlyCount "66"]
[Source "Perpetual Check"]

1. e4 c5 2. Nf3 Nc6 3. Bb5 e6 4. O-O Nge7 5. c3 d5 6. d3 Ng6 7. Qe2 Be7 8. Ne1
O-O 9. f4 f5 10. Bxc6 bxc6 11. e5 a5 12. c4 d4 13. Nd2 Bd7 14. g3 Nh8 15. Ndf3
h6 16. h3 Be8 17. g4 Bg6 18. Ng2 a4 19. Bd2 Rb8 20. Be1 Bh7 21. Rb1 g5 22. Bd2
fxg4 23. hxg4 Ng6 24. fxg5 hxg5 25. b3 axb3 26. Rxb3 Rxb3 27. axb3 Qb8 28. Re1
Nf4 29. Bxf4 gxf4 30. Nd2 f3 31. Nxf3 Qxb3 32. Rd1 Qa3 33. Kh2 Qa8 1/2-1/2

[Event "2nd Novi Sad it"]
[Site "Novi Sad"]
[Date "1973.10.28"]
[EventDate "1973.10.20"]
[Round "8.7"]
[White "Maric, Rudolf"]
[Black "Rakic, Tomislav"]
[Result "1/2-1/2"]
[WhiteElo "2460"]
[BlackElo "2415"]
[PlyCount "82"]
[Source "Perpetual Check"]

1. e4 g6 2. d4 Bg7 3. Nf3 d6 4. Be2 Nd7 5. O-O e5 6. dxe5 dxe5 7. Bg5 f6 8. Be3
Nh6 9. Bc4 Qe7 10. Nc3 c6 11. a4 Nf7 12. Ne1 O-O 13. Nd3 a5 14. Qb1 Kh8 15. Qa2
f5 16. f3 Bh6 17. Bxh6 Nxh6 18. Qa3 Re8 19. Qxe7 Rxe7 20. Rad1 f4 21. Rf2 g5
22. Rfd2 g4 23. Nf2 gxf3 24. gxf3 Nb6 25. Rd8+ Kg7 26. Bb3 Bd7 27. Rxa8 Nxa8
28. Nd3 Bh3 29. Kf2 b6 30. Rg1+ Kf6 31. Ne2 Nc7 32. Ke1 Be6 33. Nec1 Nf7 34.
Bxe6 Nxe6 35. c3 Re8 36. Nb3 Nd6 37. Nd2 b5 38. axb5 cxb5 39. Ke2 Nc4 40. Nxc4
bxc4 41. Nf2 Nc5 1/2-1/2

[Event "2nd Novi Sad it"]
[Site "Novi Sad"]
[Date "1973.10.28"]
[EventDate "1973.10.20"]
[Round "8.8"]
[White "Ilijic, Milan"]
[Black "Buljovcic, Ivan"]
[Result "0-1"]
[WhiteElo "2385"]
[BlackElo "2435"]
[PlyCount "80"]
[Source "Perpetual Check"]

1. c4 b6 2. e4 Bb7 3. Nc3 c5 4. f4 e6 5. Nf3 Nf6 6. e5 Ng8 7. Be2 Ne7 8. O-O
Nbc6 9. Nb5 Nf5 10. g4 Nh6 11. Ng5 a6 12. Nc3 Nd4 13. d3 d6 14. Be3 Be7 15.
Nce4 Nxe2+ 16. Qxe2 d5 17. Ng3 Qd7 18. f5 dxc4 19. dxc4 Bxg5 20. Bxg5 Qd4+ 21.
Be3 Qxg4 22. Bxh6 Qxe2 23. Nxe2 gxh6 24. fxe6 Rg8+ 25. Ng3 fxe6 26. Rf6 Rg6 27.
Rd1 Ke7 28. Rdf1 Rxf6 29. Rxf6 Rg8 30. Rxh6 Be4 31. Kf2 Bb1 32. Ke3 Rg4 33. b3
Bg6 34. Kf3 Rd4 35. Ne2 Rd3+ 36. Kf2 Rd2 37. Ke3 Rxa2 38. Rh3 Rb2 39. Nc1 Bf5
40. Rg3 Kf7 0-1

[Event "2nd Novi Sad it"]
[Site "Novi Sad"]
[Date "1973.10.29"]
[EventDate "1973.10.20"]
[Round "9.1"]
[White "Buljovcic, Ivan"]
[Black "Lombard, Andre"]
[Result "1-0"]
[WhiteElo "2435"]
[BlackElo "2400"]
[PlyCount "78"]
[Source "Perpetual Check"]

1. e4 c5 2. Nf3 e6 3. d4 cxd4 4. Nxd4 Nf6 5. Nc3 d6 6. g4 a6 7. Bg2 Be7 8. Be3
O-O 9. Qe2 Nc6 10. O-O-O Bd7 11. g5 Ne8 12. f4 Nc7 13. h4 Nb5 14. Ndxb5 axb5
15. Qxb5 Na5 16. Bb6 Qc8 17. Qb4 Nc4 18. Bf1 Nxb6 19. Qxb6 d5 20. exd5 Bc5 21.
Qb3 Be3+ 22. Kb1 Bxf4 23. Bh3 e5 24. Bxd7 Qxd7 25. d6 Rfd8 26. Nd5 Ra6 27. Nxf4
exf4 28. a3 Rxd6 29. Rxd6 Qxd6 30. Qxb7 Qe5 31. Qf3 h6 32. gxh6 Qe3 33. Rf1
gxh6 34. Qg4+ Kh8 35. Rxf4 Rg8 36. Qf5 Rg1+ 37. Ka2 Rg7 38. Re4 Qb6 39. Re8+
Rg8 1-0

[Event "2nd Novi Sad it"]
[Site "Novi Sad"]
[Date "1973.10.29"]
[EventDate "1973.10.20"]
[Round "9.2"]
[White "Rakic, Tomislav"]
[Black "Ilijic, Milan"]
[Result "1-0"]
[WhiteElo "2415"]
[BlackElo "2385"]
[PlyCount "74"]
[Source "Perpetual Check"]

1. d4 Nf6 2. Nf3 g6 3. Nc3 Bg7 4. Bf4 d6 5. h3 O-O 6. Qd2 Re8 7. e3 c6 8. a4
Qa5 9. Be2 b5 10. b4 Qxb4 11. axb5 Nd5 12. Nxd5 Qxd2+ 13. Nxd2 cxd5 14. Bf3 Bb7
15. Nc4 a6 16. Nb6 e5 17. Nxa8 Bxa8 18. Bg3 exd4 19. Ra3 dxe3 20. fxe3 Bb7 21.
c4 Bd4 22. Bxd6 Bxe3 23. Kd1 Bg5 24. Re1 Rd8 25. Bc7 Rc8 26. Bxb8 axb5 27. Be5
bxc4 28. Kc2 Bc6 29. Rb1 Bd7 30. Rb7 Be6 31. Ra5 f6 32. Bd4 Rd8 33. Raa7 Bh6
34. Bxf6 Rc8 35. Rxh7 Bf5+ 36. Be4 Bxe4+ 37. Kd1 {time} 1-0

[Event "2nd Novi Sad it"]
[Site "Novi Sad"]
[Date "1973.10.29"]
[EventDate "1973.10.20"]
[Round "9.3"]
[White "Adorjan, Andras"]
[Black "Maric, Rudolf"]
[Result "1-0"]
[WhiteElo "2515"]
[BlackElo "2460"]
[PlyCount "61"]
[Source "Perpetual Check"]

1. e4 e6 2. d4 d5 3. Nd2 c5 4. Ngf3 Nc6 5. exd5 exd5 6. Bb5 Bd6 7. O-O cxd4 8.
Nb3 Nge7 9. Bxc6+ bxc6 10. Qxd4 O-O 11. Bf4 a5 12. Bxd6 Qxd6 13. Rfe1 Ng6 14.
a4 Rb8 15. Qc3 Rb4 16. Nxa5 c5 17. Nb3 Rc4 18. Qd2 Bg4 19. Re3 Qf6 20. c3 Rb8
21. Qxd5 Be6 22. Rxe6 Qxe6 23. Qxe6 fxe6 24. a5 Rf4 25. Nxc5 Rxb2 26. Nd3 Rb8
27. Nxf4 Nxf4 28. c4 Nd3 29. a6 Nc5 30. a7 Ra8 31. Ne5 1-0

[Event "2nd Novi Sad it"]
[Site "Novi Sad"]
[Date "1973.10.29"]
[EventDate "1973.10.20"]
[Round "9.4"]
[White "Matulovic, Milan"]
[Black "Ciocaltea, Victor"]
[Result "1/2-1/2"]
[WhiteElo "2525"]
[BlackElo "2455"]
[PlyCount "50"]
[Source "Perpetual Check"]

1. e4 c5 2. Nf3 d6 3. d4 cxd4 4. Nxd4 Nf6 5. Nc3 a6 6. Bg5 e6 7. f4 Nbd7 8. Bc4
Qb6 9. Bb3 Be7 10. f5 Nc5 11. fxe6 fxe6 12. Be3 Qc7 13. O-O b5 14. a3 Nxb3 15.
cxb3 O-O 16. b4 Re8 17. h3 Bd8 18. Nb3 Bb7 19. Rc1 Qd7 20. Qd3 Rc8 21. Rcd1 Qc6
22. Qxd6 Nxe4 23. Qxc6 Bxc6 24. Nxe4 Bxe4 25. Rd6 Bd5 1/2-1/2

[Event "2nd Novi Sad it"]
[Site "Novi Sad"]
[Date "1973.10.29"]
[EventDate "1973.10.20"]
[Round "9.6"]
[White "Szilagyi, Gyorgy"]
[Black "Marjan, Dusan"]
[Result "1/2-1/2"]
[WhiteElo "2350"]
[BlackElo "2215"]
[PlyCount "76"]
[Source "Perpetual Check"]

1. c4 e6 2. g3 f5 3. Bg2 Nf6 4. Nh3 Be7 5. O-O O-O 6. d4 d6 7. Nc3 Nc6 8. d5
exd5 9. cxd5 Ne5 10. Qb3 Nfd7 11. Be3 Ng6 12. Rac1 b6 13. Nb5 Nc5 14. Qc2 a5
15. Nd4 Bf6 16. Rfd1 Kh8 17. b3 Qe8 18. Ng5 Bxg5 19. Bxg5 f4 20. e3 Bg4 21.
Bxf4 Bxd1 22. Qxd1 Nxf4 23. exf4 Qg6 24. h4 Rae8 25. a3 Nd3 26. h5 Re1+ 27.
Qxe1 Qf6 28. Qf1 Nxc1 29. Qxc1 Qxd4 30. Qxc7 Re8 31. Qxd6 h6 32. Bf1 Re1 33.
Qf8+ Kh7 34. Qf5+ Kh8 35. Kg2 Rd1 36. Bc4 Rd2 37. Qf8+ Kh7 38. Qf5+ Kh8 1/2-1/2

[Event "2nd Novi Sad it"]
[Site "Novi Sad"]
[Date "1973.10.29"]
[EventDate "1973.10.20"]
[Round "9.7"]
[White "Langeweg, Christian"]
[Black "Jovic, Ljubomir"]
[Result "1-0"]
[WhiteElo "2430"]
[BlackElo "2410"]
[PlyCount "82"]
[Source "Perpetual Check"]

1. Nf3 g6 2. e4 Bg7 3. d4 d6 4. c3 Nf6 5. Bd3 O-O 6. O-O Nh5 7. e5 Nc6 8. exd6
cxd6 9. d5 Ne5 10. Be2 f5 11. Na3 f4 12. Nb5 Bh6 13. Nbd4 Ng7 14. Qb3 g5 15.
Ne6 Nxe6 16. dxe6 Qe8 17. Nxe5 dxe5 18. Qd5 Rf6 19. Bg4 Bg7 20. Qxe5 Qg6 21.
Bd2 h5 22. Bf3 Bxe6 23. Bxb7 Rd8 24. Bc1 Bc4 25. Be4 Re6 26. Qc7 Qxe4 27. Qxd8+
Kf7 28. Qd1 Bxf1 29. Qxf1 f3 30. g3 Bf6 31. Be3 h4 32. Rd1 hxg3 33. hxg3 g4 34.
Qd3 Qxd3 35. Rxd3 Be5 36. Kf1 a5 37. Rd5 a4 38. Ra5 Bxg3 39. Rxa4 Be5 40. Rxg4
Ra6 41. a3 Rd6 1-0